000 00763aam a2200289 i 4500
001 768714001
003 CO-MdFUSB
005 20250519160522.0
007 ta
008 250519t1965 -us |||| |||| 00| 0 eng d
040 _cCO-MdFUSB
041 0 _aeng
082 0 4 _a248.32
_223
_bE643p
100 1 _aEpp, Theodore H. (1907-)
_eautor
245 1 0 _aPraying with authority
_c/ Theodore H. Epp
264 1 _bBack to the Bible Broadcast,
_aLincoln, Nebraska :
_c[1965]
264 4 _c©1965
300 _a124 páginas
336 _atexto
_btxt
_2rdacontent
337 _2rdamedia
_asin mediación
_bn
338 _2rdacarrier
_avolumen
_bnc
563 _aRústico
650 7 _aOración
_986
942 _cBK
945 _aJTF-925
999 _c35743
_d35743